[Event "2022 Perth Chess Club Championship"]
[Site "Woodvale, Perth WA AUS"]
[Date "2022.05.11"]
[Round "5"]
[White "Barry, David"]
[Black "Davoll, Josh"]
[Result "1/2-1/2"]
[WhiteElo "1820"]
[BlackElo "1847"]
[PlyCount "82"]
[EventDate "2022.04.13"]
[EventType "swiss"]
[EventRounds "7"]
[EventCountry "AUS"]

1. e4 c6 2. d4 d5 3. Nd2 dxe4 4. Nxe4 Nf6 5. Nxf6+ exf6 6. Nf3 Bd6 7. Bd3 O-O
8. O-O Bg4 9. Re1 Nd7 10. Bd2 Qc7 11. h3 Bh5 12. c4 c5 13. Qc2 Bxf3 14. gxf3 g6
15. d5 Rfe8 16. Kg2 f5 17. Rxe8+ Rxe8 18. Re1 Rxe1 19. Bxe1 Nf6 20. Bd2 Nh5 21.
Bf1 Qe7 22. Qc1 Qe5 23. f4 Nxf4+ 24. Bxf4 Qxf4 25. Qxf4 Bxf4 26. Kf3 Be5 27. b3
Kg7 28. a4 a5 29. Bg2 g5 30. Bf1 h5 31. Bg2 Bd6 32. Ke3 Kf6 33. f3 Ke5 34. Bh1
f4+ 35. Kd3 Kf5 36. Ke2 g4 37. hxg4+ hxg4 38. fxg4+ Kxg4 39. Bf3+ Kg3 40. Bh1
Kg4 41. Bf3+ Kg3 1/2-1/2

[Event "2022 Perth Chess Club Championship"]
[Site "Woodvale, Perth WA AUS"]
[Date "2022.05.11"]
[Round "5"]
[White "Gough, Dylan"]
[Black "Hintz, Steven"]
[Result "1-0"]
[WhiteElo "1670"]
[BlackElo "1558"]
[PlyCount "87"]
[EventDate "2022.04.13"]
[EventType "swiss"]
[EventRounds "7"]
[EventCountry "AUS"]

1. d4 d5 2. c4 dxc4 3. Nc3 Nf6 4. e4 e6 5. Bxc4 c5 6. Bb5+ Bd7 7. Bg5 a6 8.
Bxd7+ Qxd7 9. dxc5 Qxd1+ 10. Rxd1 Bxc5 11. e5 Nfd7 12. f4 O-O 13. a3 b5 14. Ne4
Bxg1 15. Rxg1 Rc8 16. Rf1 Ra7 17. Rf2 Rc6 18. Rfd2 h6 19. Bh4 Rc4 20. Rd4 Rac7
21. Nc3 Kh7 22. Bf2 Rxd4 23. Rxd4 Rc6 24. Rd3 Rc4 25. g3 Rc7 26. Rd6 Rc6 27.
Kd2 Kg8 28. Ne4 Kf8 29. b4 Ke8 30. Rxc6 Nxc6 31. Nd6+ Ke7 32. Nb7 Ke8 33. Bc5
Ndb8 34. Nd6+ Kd7 35. Nxf7 a5 36. Nd6 axb4 37. axb4 Na6 38. Kc3 Nxc5 39. bxc5
Na7 40. Kb4 Kc6 41. g4 g6 42. f5 gxf5 43. gxf5 exf5 44. e6 1-0

[Event "2022 Perth Chess Club Championship"]
[Site "Woodvale, Perth WA AUS"]
[Date "2022.05.11"]
[Round "5"]
[White "Stortz, Robert"]
[Black "Boswarva, Ernest"]
[Result "1-0"]
[WhiteElo "1904"]
[BlackElo "1423"]
[PlyCount "47"]
[EventDate "2022.04.13"]
[EventType "swiss"]
[EventRounds "7"]
[EventCountry "AUS"]

1. d4 d5 2. Bf4 c5 3. c3 Nc6 4. e3 Qb6 5. Qc2 Bf5 6. dxc5 Bxc2 7. cxb6 e5 8.
Bg3 a5 9. Bb5 Bd6 10. Nf3 f6 11. O-O Nge7 12. Rc1 Bf5 13. c4 dxc4 14. Bxc4 Nb4
15. Nc3 Rc8 16. Nb5 Bb8 17. Bb3 Nc2 18. Bxc2 Bxc2 19. Nc7+ Bxc7 20. bxc7 Rxc7
21. Ne1 Kf7 22. Rxc2 Rxc2 23. Nxc2 Rc8 24. Ne1 1-0

[Event "2022 Perth Chess Club Championship"]
[Site "Woodvale, Perth WA AUS"]
[Date "2022.05.11"]
[Round "5"]
[White "Clarke, Daniel"]
[Black "Walker, Colin"]
[Result "1-0"]
[WhiteElo "1739"]
[BlackElo "1425"]
[PlyCount "57"]
[EventDate "2022.04.13"]
[EventType "swiss"]
[EventRounds "7"]
[EventCountry "AUS"]

1. e4 e5 2. Nf3 d6 3. d4 exd4 4. Nxd4 Nf6 5. Nc3 Be7 6. Be3 O-O 7. Bc4 Nxe4 8.
Nxe4 d5 9. Bd3 dxe4 10. Bxe4 c6 11. Qh5 g6 12. Qf3 Bf6 13. O-O-O Qe7 14. Kb1
Bg7 15. Nb3 Re8 16. Bd3 Nd7 17. Rhe1 Qd8 18. Bc4 Rf8 19. Bc5 Qf6 20. Qxf6 Bxf6
21. Bxf8 Kxf8 22. Nd2 Nb6 23. Bb3 Bf5 24. Ne4 Bxe4 25. Rxe4 Be7 26. a4 Rc8 27.
a5 Na8 28. Rd7 Rc7 29. Rexe7 1-0

[Event "2022 Perth Chess Club Championship"]
[Site "Woodvale, Perth WA AUS"]
[Date "2022.05.11"]
[Round "5"]
[White "Davis, Geoff"]
[Black "Tomic, Nedeljko"]
[Result "1-0"]
[WhiteElo "1453"]
[BlackElo "1732"]
[PlyCount "161"]
[EventDate "2022.04.13"]
[EventType "swiss"]
[EventRounds "7"]
[EventCountry "AUS"]

1. d4 b5 2. e3 c6 3. Nf3 d5 4. Be2 Bf5 5. O-O e6 6. b3 Bd6 7. c4 Nd7 8. cxb5
cxb5 9. Bxb5 g5 10. Bxd7+ Kxd7 11. Ne5+ Ke8 12. f4 Bxe5 13. dxe5 g4 14. g3 h5
15. Bd2 Rc8 16. Nc3 Qb6 17. Na4 Qb8 18. Rc1 Ne7 19. Qe2 Kf8 20. Rxc8+ Nxc8 21.
Rc1 Kg7 22. Nc5 Rd8 23. a4 d4 24. e4 d3 25. Nxd3 Bg6 26. b4 Rd4 27. Nc5 Qb6 28.
Rc4 Rd8 29. Qe3 Qc6 30. b5 Qe8 31. Rd4 Nb6 32. Qd3 Rc8 33. Nb7 Qf8 34. a5 Nd5
35. Nd6 Ne7 36. f5 exf5 37. exf5 Nxf5 38. Nxf5+ Kh7 39. Rf4 Rc5 40. Qe3 Rxb5
41. Nh4 Bc2 42. Rf6 Qc5 43. Rxf7+ Kg8 44. e6 Qxe3+ 45. Bxe3 Re5 46. Bd2 Rxe6
47. Rxa7 Bd3 48. Ng2 Re2 49. Bc3 Rc2 50. Be1 Ra2 51. Nf4 Bc4 52. Nxh5 Ra1 53.
Re7 Kf8 54. Re4 Bd5 55. Re3 Kf7 56. Nf4 Bc4 57. Kf2 Ra2+ 58. Ne2 Ba6 59. Bb4
Rb2 60. Re7+ Kg8 61. Be1 Bc4 62. Re4 Ba6 63. Rxg4+ Kf7 64. Rg7+ Kf8 65. Rg6
Bxe2 66. Ke3 Ra2 67. Rf6+ Kg8 68. Rf2 Bc4 69. Rxa2 Bxa2 70. h4 Kf7 71. Kf4 Bc4
72. g4 Ke6 73. h5 Bd3 74. Bc3 Be2 75. Kg5 Kf7 76. h6 Bd3 77. a6 Kg8 78. a7 Be4
79. Kf6 Bd5 80. g5 Kh7 81. Bd2 1-0

[Event "2022 Perth Chess Club Championship"]
[Site "Woodvale, Perth WA AUS"]
[Date "2022.05.11"]
[Round "5"]
[White "Hounsome, David"]
[Black "Howard, Mark"]
[Result "1/2-1/2"]
[WhiteElo "1378"]
[BlackElo "1473"]
[PlyCount "117"]
[EventDate "2022.04.13"]
[EventType "swiss"]
[EventRounds "7"]
[EventCountry "AUS"]

1. b3 e5 2. Bb2 Nc6 3. e3 a6 4. a3 d5 5. d4 exd4 6. exd4 Nf6 7. Nf3 Be7 8. Bd3
Bg4 9. O-O O-O 10. Nbd2 b5 11. c4 bxc4 12. bxc4 dxc4 13. Nxc4 Bxf3 14. Qxf3
Nxd4 15. Bxd4 Qxd4 16. Rfd1 Qg4 17. Be2 Qxf3 18. Bxf3 Rad8 19. Ne5 Rxd1+ 20.
Rxd1 Bd6 21. Nc6 Re8 22. a4 h5 23. h3 g5 24. g4 hxg4 25. hxg4 Kg7 26. Kg2 Rh8
27. Rh1 Rxh1 28. Kxh1 Nd7 29. a5 Ne5 30. Nxe5 Bxe5 31. Be2 Bc3 32. Bxa6 Bxa5
33. Kg2 Kf6 34. Bc4 Ke7 35. Kf3 f6 36. Ke4 Kd6 37. Kf5 Bc3 38. f3 Kc5 39. Bd3
Kb4 40. Be4 c5 41. f4 gxf4 42. Kxf4 Bd2+ 43. Kf5 Bg5 44. Ke6 c4 45. Kd5 c3 46.
Bc2 Ka3 47. Kc4 Kb2 48. Kd3 Bd2 49. Ba4 Ka3 50. Bd1 Kb4 51. Bc2 Kc5 52. Bd1 Kd5
53. Kc2 Kd4 54. Be2 Ke3 55. Bd3 Kf4 56. Bf5 Ke3 57. Bc8 Kf4 58. Bd7 Kg5 59. Bc8
1/2-1/2

[Event "2022 Perth Chess Club Championship"]
[Site "Woodvale, Perth WA AUS"]
[Date "2022.05.11"]
[Round "5"]
[White "Lanham, Bruce"]
[Black "Frankland, David"]
[Result "0-1"]
[WhiteElo "1220"]
[BlackElo "1003"]
[PlyCount "142"]
[EventDate "2022.04.13"]
[EventType "swiss"]
[EventRounds "7"]
[EventCountry "AUS"]

1. d4 e6 2. Nf3 b6 3. g3 d5 4. Bg2 h6 5. O-O Ba6 6. Re1 Nc6 7. c3 Bb7 8. Nbd2
Be7 9. e4 Nf6 10. exd5 exd5 11. Nf1 O-O 12. Ne3 Bc8 13. h3 Re8 14. Ne5 Nxe5 15.
dxe5 Nh7 16. Nxd5 Rb8 17. Nxe7+ Qxe7 18. Qe2 Rd8 19. Bf4 Be6 20. a3 Bd5 21.
Bxd5 Rxd5 22. e6 Rc8 23. exf7+ Qxf7 24. Bxh6 Ng5 25. Bxg5 Rxg5 26. Qe6 Qxe6 27.
Rxe6 Rh5 28. Kg2 Kf8 29. Rd1 a5 30. c4 Kf7 31. Re3 Rc5 32. Re4 a4 33. Rd5 Rc6
34. Rf4+ Kg8 35. h4 Rf8 36. Rxf8+ Kxf8 37. g4 Rxc4 38. Rf5+ Kg8 39. Kg3 Rc2 40.
Re5 Rxb2 41. Re7 c5 42. h5 Rb3+ 43. Re3 Rxe3+ 44. fxe3 c4 45. Kf2 b5 46. Ke2
Kf7 47. Kd2 Kf6 48. Kc3 Kg5 49. e4 Kxg4 50. e5 Kf5 51. Kd4 Ke6 52. Ke4 c3 53.
Kd3 Kxe5 54. Kxc3 Kd6 55. Kb4 Kc6 56. Kc3 Kc5 57. Kb2 Kc4 58. Ka2 Kc3 59. Ka1
Kb3 60. Kb1 Kxa3 61. Ka1 b4 62. Kb1 Kb3 63. Ka1 Kc4 64. Kb2 a3+ 65. Kb1 b3 66.
Ka1 Kc3 67. Kb1 a2+ 68. Ka1 Kc2 69. h6 b2+ 70. Kxa2 b1=Q+ 71. Ka3 Qb3# 0-1

[Event "2022 Perth Chess Club Championship"]
[Site "Woodvale, Perth WA AUS"]
[Date "2022.05.11"]
[Round "5"]
[White "Rennie, Mike"]
[Black "Powell, Darren"]
[Result "0-1"]
[WhiteElo "818"]
[BlackElo "1210"]
[PlyCount "46"]
[EventDate "2022.04.13"]
[EventType "swiss"]
[EventRounds "7"]
[EventCountry "AUS"]

1. e4 e5 2. d3 Nc6 3. c3 Nf6 4. Nd2 Bc5 5. Ngf3 d6 6. Qb3 O-O 7. Be2 h6 8. Nh4
Bxf2+ 9. Kxf2 Ng4+ 10. Kg3 Ne3 11. Ndf3 Ng4 12. Ne1 h5 13. h3 Nh6 14. Rf1 Kh7
15. Nf5 Nxf5+ 16. exf5 h4+ 17. Kh2 Qd7 18. Bg4 f6 19. Bh5 Ne7 20. g4 hxg3+ 21.
Kxg3 Nxf5+ 22. Kh2 Nh6 23. Rg1 Qxh3# 0-1

[Event "2022 Perth Chess Club Championship"]
[Site "Woodvale, Perth WA AUS"]
[Date "2022.05.11"]
[Round "5"]
[White "Gough, Sebastian"]
[Black "Markou, Victor"]
[Result "1-0"]
[WhiteElo "668"]
[BlackElo "1108"]
[PlyCount "69"]
[EventDate "2022.04.13"]
[EventType "swiss"]
[EventRounds "7"]
[EventCountry "AUS"]

1. d4 d5 2. Nf3 Nf6 3. h3 g6 4. Bf4 Bg7 5. e3 O-O 6. c4 c6 7. Nbd2 Re8 8. Be2
Nbd7 9. O-O dxc4 10. Nxc4 Nd5 11. Bh2 e6 12. Nd6 Re7 13. Rc1 N7b6 14. Re1 Rd7
15. Ne4 Nf6 16. Nxf6+ Bxf6 17. Bf4 Nd5 18. Bh2 Bg7 19. a3 Ne7 20. b4 Nd5 21.
Bg3 Nc7 22. Bh2 Nd5 23. Bg3 Nf6 24. Be5 Bh6 25. Bh2 Nd5 26. Ne5 Re7 27. Bg3
Nxe3 28. fxe3 Bxe3+ 29. Bf2 Bxc1 30. Qxc1 f6 31. Ng4 Kg7 32. Qh6+ Kf7 33. Qxh7+
Ke8 34. Nxf6+ Kf8 35. Qg8# 1-0

[Event "2022 Perth Chess Club Championship"]
[Site "Woodvale, Perth WA AUS"]
[Date "2022.05.11"]
[Round "5"]
[White "Kwenda, Ridge"]
[Black "Overste, Brian"]
[Result "1-0"]
[WhiteElo "913"]
[BlackElo "907"]
[PlyCount "82"]
[EventDate "2022.04.13"]
[EventType "swiss"]
[EventRounds "7"]
[EventCountry "AUS"]

1. e4 e5 2. Nf3 Nc6 3. Na3 a6 4. Nc4 d6 5. b3 b5 6. Nb2 Nf6 7. d3 h6 8. c4 Bg4
9. h3 Bxf3 10. Qxf3 Nd4 11. Qd1 c5 12. Be3 Qa5+ 13. Bd2 Qa3 14. Bc3 b4 15. Bxd4
exd4 16. Na4 Nd7 17. Qf3 Rb8 18. Be2 Nb6 19. Nxb6 Rxb6 20. O-O Rb7 21. e5 Qa5
22. Qxb7 dxe5 23. Qb8+ Qd8 24. Qxe5+ Qe7 25. Qb8+ Qd8 26. Qe5+ Qe7 27. Qh5 g6
28. Qf3 Qd8 29. Qc6+ Qd7 30. Qxa6 Be7 31. Bg4 Qc7 32. Qa8+ Qd8 33. Qc6+ Kf8 34.
Rfe1 Kg7 35. a3 Qb8 36. a4 h5 37. Bf3 Bd6 38. g3 h4 39. Kg2 hxg3 40. fxg3 Bxg3
41. Re7 Bh4 1-0

[Event "2022 Perth Chess Club Championship"]
[Site "Woodvale, Perth WA AUS"]
[Date "2022.05.18"]
[Round "6"]
[White "Maggs, Derwent"]
[Black "Janceski, Alex"]
[Result "1-0"]
[WhiteElo "2292"]
[BlackElo "1845"]
[PlyCount "67"]
[EventDate "2022.04.13"]
[EventType "swiss"]
[EventRounds "7"]
[EventCountry "AUS"]

1. d4 c5 2. d5 e5 3. e4 a6 4. a4 d6 5. Nc3 Nf6 6. Be2 Be7 7. h3 h6 8. Nf3 O-O
9. Be3 Nh7 10. g4 Ng5 11. Nd2 Nh7 12. Nc4 Nd7 13. Qd2 Rb8 14. a5 Re8 15. Na4
Ndf8 16. b4 cxb4 17. Bb6 Qd7 18. Ba7 b5 19. axb6 Rb7 20. Na5 Rxa7 21. bxa7 Qxa7
22. Nc6 Qc7 23. Qxb4 Bb7 24. Qb6 Qxb6 25. Nxb6 Bxc6 26. dxc6 Ne6 27. Rxa6 Nf6
28. c3 Kh7 29. Bc4 Nc7 30. Ra7 Bd8 31. Nd5 Ncxd5 32. Bxd5 Bb6 33. Rb7 Bc5 34.
Ke2 1-0

[Event "2022 Perth Chess Club Championship"]
[Site "Woodvale, Perth WA AUS"]
[Date "2022.05.18"]
[Round "6"]
[White "Gibson, Jacob"]
[Black "Gough, Dylan"]
[Result "1-0"]
[WhiteElo "1620"]
[BlackElo "1670"]
[PlyCount "95"]
[EventDate "2022.04.13"]
[EventType "swiss"]
[EventRounds "7"]
[EventCountry "AUS"]

1. e4 c6 2. d4 d5 3. f3 Nd7 4. e5 e6 5. f4 c5 6. c3 cxd4 7. cxd4 Bb4+ 8. Bd2
Bxd2+ 9. Qxd2 Nh6 10. Nf3 O-O 11. Bd3 f5 12. Nc3 a6 13. a4 Qe7 14. h3 Nb8 15.
a5 Nc6 16. Na4 Qb4 17. Qxb4 Nxb4 18. Kd2 Nf7 19. Nb6 Rb8 20. Kc3 Nxd3 21. Kxd3
Rd8 22. Rhc1 Bd7 23. Rc7 Bb5+ 24. Ke3 Bc6 25. Ne1 Kf8 26. Nc2 Re8 27. Nb4 Bb5
28. Rac1 Re7 29. Rxe7 Kxe7 30. Rc7+ Kf8 31. Nd3 Nd8 32. Nc5 Kg8 33. Nbd7 Bxd7
34. Nxd7 Ra8 35. Nc5 Rb8 36. g4 g6 37. Nd7 Ra8 38. Nf6+ Kf8 39. Nxh7+ Kg8 40.
Nf6+ Kf8 41. gxf5 gxf5 42. h4 Nf7 43. Nh7+ Kg8 44. Ng5 Nd8 45. h5 Rb8 46. h6
Kh8 47. Re7 b5 48. axb6 1-0

[Event "2022 Perth Chess Club Championship"]
[Site "Woodvale, Perth WA AUS"]
[Date "2022.05.18"]
[Round "6"]
[White "Bhatia, Abhay"]
[Black "De Vas, Yonal"]
[Result "1/2-1/2"]
[WhiteElo "1612"]
[BlackElo "1477"]
[PlyCount "129"]
[EventDate "2022.04.13"]
[EventType "swiss"]
[EventRounds "7"]
[EventCountry "AUS"]

1. e4 e6 2. d4 d5 3. e5 c5 4. c3 Nc6 5. Nf3 Qb6 6. Be2 Bd7 7. O-O Nge7 8. Na3
cxd4 9. Nb5 Nf5 10. Nbxd4 Nfxd4 11. cxd4 Be7 12. b3 O-O 13. a4 Na5 14. b4 Bxb4
15. Rb1 Nc6 16. Ba3 Qa5 17. Bxb4 Nxb4 18. Qd2 Nc6 19. Rxb7 Qxd2 20. Nxd2 Nxd4
21. Bd1 Rfd8 22. f4 Nf5 23. Re1 a5 24. Nf3 Bc6 25. Rc7 Rdc8 26. Rxc8+ Rxc8 27.
g4 Ne7 28. Nd4 Bd7 29. Nb5 Rc4 30. Rf1 Ng6 31. f5 exf5 32. gxf5 Nxe5 33. Be2
Rxa4 34. Nc3 Rd4 35. Rb1 h6 36. Rb8+ Kh7 37. Ra8 Bxf5 38. Rxa5 Be6 39. Bd1 Rd3
40. Bc2 Nf3+ 41. Kh1 Ne1 42. Bxd3+ Nxd3 43. Nxd5 Bxd5+ 44. Rxd5 Nf2+ 45. Kg2
Ng4 46. Ra5 Kg6 47. Kg3 Nf6 48. Kh4 Kh7 49. Ra7 g5+ 50. Kg3 Kg7 51. Kf3 h5 52.
h3 Nh7 53. Kg3 Kg6 54. Ra8 f5 55. Rg8+ Kf7 56. Ra8 h4+ 57. Kf3 Nf6 58. Ra5 Kg6
59. Ra4 Kh5 60. Rd4 g4+ 61. hxg4+ fxg4+ 62. Kf4 h3 63. Kg3 Kg5 64. Rxg4+ Nxg4
65. Kxh3 1/2-1/2

[Event "2022 Perth Chess Club Championship"]
[Site "Woodvale, Perth WA AUS"]
[Date "2022.05.18"]
[Round "6"]
[White "Davoll, Josh"]
[Black "Clarke, Daniel"]
[Result "1-0"]
[WhiteElo "1847"]
[BlackElo "1739"]
[PlyCount "119"]
[EventDate "2022.04.13"]
[EventType "swiss"]
[EventRounds "7"]
[EventCountry "AUS"]

1. e4 e5 2. Nf3 Nc6 3. Nc3 Nf6 4. d4 exd4 5. Nxd4 Bc5 6. Be3 Nxd4 7. Bxd4 Qe7
8. Bxc5 Qxc5 9. Bd3 d5 10. exd5 O-O 11. O-O Bg4 12. Ne4 Nxe4 13. Qxg4 Nf6 14.
Qf5 Qxd5 15. Qxd5 Nxd5 16. Be4 Nf6 17. Bf3 Rad8 18. Rad1 Rfe8 19. Bxb7 Rb8 20.
Bc6 Re2 21. Ba4 g6 22. Rfe1 Rxe1+ 23. Rxe1 Rxb2 24. Bb3 Ne4 25. f3 Nc5 26. Re8+
Kg7 27. Bd5 Rxc2 28. Re7 Kh6 29. Rxf7 Nd3 30. h4 Nb4 31. Bb3 Re2 32. Rxc7 Re8
33. Rxa7 Nc6 34. Ba4 Rc8 35. Bxc6 Rxc6 36. Kf2 g5 37. hxg5+ Kxg5 38. Rxh7 Rc2+
39. Kg3 Rxa2 40. Re7 Ra4 41. Re4 Ra3 42. Rg4+ Kh5 43. Rg8 Ra4 44. Kf2 Ra3 45.
f4 Ra2+ 46. Kg1 Kh4 47. Kh2 Rf2 48. Kg1 Ra2 49. f5 Ra5 50. f6 Rf5 51. Rf8 Kg3
52. f7 Kf4 53. g4 Rf6 54. g5 Rf5 55. Kh2 Kf3 56. g6 Rh5+ 57. Kg1 Rg5+ 58. Kf1
Rxg6 59. Rg8 Rxg8 60. fxg8=Q 1-0

[Event "2022 Perth Chess Club Championship"]
[Site "Woodvale, Perth WA AUS"]
[Date "2022.05.18"]
[Round "6"]
[White "Plaganyi, Gyula"]
[Black "Massam, Justin"]
[Result "1-0"]
[WhiteElo "1843"]
[WhiteTitle "CM"]
[BlackElo "1424"]
[PlyCount "125"]
[EventDate "2022.04.13"]
[EventType "swiss"]
[EventRounds "7"]
[EventCountry "AUS"]

1. e4 e5 2. Nc3 Nc6 3. Nf3 Nf6 4. g3 Bb4 5. d3 d6 6. Bg2 Bg4 7. h3 Bh5 8. a3
Ba5 9. O-O Bb6 10. Nd5 Nxd5 11. exd5 Nd4 12. g4 Nxf3+ 13. Bxf3 Bg6 14. Be4 Qh4
15. Qf3 O-O 16. Kh2 h6 17. Qg3 Qf6 18. Bd2 Bxe4 19. dxe4 Rac8 20. Bc3 g5 21.
Rad1 Qg6 22. Qf3 Kg7 23. Rd3 Rh8 24. Qf5 h5 25. Qxg6+ Kxg6 26. f3 f6 27. Kg2
Rh7 28. Bb4 Rch8 29. c4 hxg4 30. fxg4 Bd4 31. b3 b6 32. Rdf3 Rf8 33. Bd2 a5 34.
Rf5 Rhf7 35. R1f3 Bc5 36. b4 axb4 37. axb4 Bd4 38. Ra3 Rh8 39. Rff3 Rc8 40. b5
Rff8 41. Ra7 Bc5 42. Rf1 Bd4 43. Rf3 Bc5 44. Bc3 Rfe8 45. Rf1 Bd4 46. Bb4 Bb2
47. Rf2 Bd4 48. Rfa2 Kg7 49. Bxd6 Kg6 50. Bxc7 Re7 51. d6 Rd7 52. Ra8 Rxa8 53.
Rxa8 Bc5 54. Rd8 Rxd8 55. Bxd8 Bxd6 56. Bxb6 Bb8 57. c5 Kf7 58. c6 Ke7 59. c7
Bxc7 60. Bxc7 Kd7 61. b6 Kc8 62. Kf3 Kb7 63. Ke3 1-0

[Event "2022 Perth Chess Club Championship"]
[Site "Woodvale, Perth WA AUS"]
[Date "2022.05.18"]
[Round "6"]
[White "Garang, Kuol Awan"]
[Black "Barry, David"]
[Result "0-1"]
[WhiteElo "1594"]
[BlackElo "1820"]
[PlyCount "126"]
[EventDate "2022.04.13"]
[EventType "swiss"]
[EventRounds "7"]
[EventCountry "AUS"]

1. e4 c5 2. f4 d5 3. Bb5+ Bd7 4. Bxd7+ Qxd7 5. exd5 Qxd5 6. Qf3 Nf6 7. Nc3 Qxf3
8. Nxf3 Nc6 9. O-O h6 10. Nb5 Rc8 11. Ne5 a6 12. Nxc6 Rxc6 13. Na3 b5 14. c3 e6
15. Nc2 Be7 16. Kh1 O-O 17. d4 b4 18. Bd2 Ne4 19. Be1 bxc3 20. bxc3 cxd4 21.
Nxd4 Rc7 22. h3 Nxc3 23. f5 Bf6 24. Nb3 Nd5 25. Rc1 Rxc1 26. Nxc1 Ne3 27. Rf3
Nxf5 28. Ne2 Rd8 29. Bf2 Rd2 30. g4 Ne7 31. Ng3 Rxa2 32. Ne4 Nd5 33. h4 Be5 34.
g5 Ra1+ 35. Kg2 Nf4+ 36. Kh2 hxg5 37. Nxg5 Ra2 38. Kg1 f6 39. Ne4 Ra1+ 40. Kh2
Nd3+ 41. Bg3 Ra2+ 42. Kh1 Bxg3 43. Rxg3 Nf2+ 44. Nxf2 Rxf2 45. Ra3 Rf4 46. Rxa6
e5 47. Ra7 Rxh4+ 48. Kg2 Kh7 49. Kf2 Kh6 50. Ra8 Kg5 51. Rg8 g6 52. Kg3 f5 53.
Kg2 Ra4 54. Kh3 Ra3+ 55. Kg2 e4 56. Rb8 Kg4 57. Rb1 Ra2+ 58. Kh1 f4 59. Rg1+
Kh3 60. Rb1 e3 61. Kg1 f3 62. Rf1 f2+ 63. Kh1 e2 0-1

[Event "2022 Perth Chess Club Championship"]
[Site "Woodvale, Perth WA AUS"]
[Date "2022.05.18"]
[Round "6"]
[White "Hintz, Steven"]
[Black "Davis, Geoff"]
[Result "1-0"]
[WhiteElo "1558"]
[BlackElo "1453"]
[PlyCount "63"]
[EventDate "2022.04.13"]
[EventType "swiss"]
[EventRounds "7"]
[EventCountry "AUS"]

1. d4 d5 2. c4 e6 3. Nc3 Nf6 4. Bg5 Be7 5. e3 c6 6. Nf3 O-O 7. Rc1 Nbd7 8. Bd3
b6 9. O-O Bb7 10. cxd5 Nxd5 11. Bxe7 Qxe7 12. Ne4 h6 13. a3 f5 14. Ng3 N7f6 15.
Ne5 Qe8 16. b4 Rc8 17. Qe2 b5 18. Rc2 Nd7 19. Nf3 f4 20. Ne4 e5 21. Nd6 Qe7 22.
Nxc8 Rxc8 23. Nxe5 Nxe5 24. dxe5 Qxe5 25. exf4 Qxf4 26. Qe4 Qxe4 27. Bxe4 Nf6
28. Bf3 g5 29. Rfc1 g4 30. Bxc6 Bxc6 31. Rxc6 Rf8 32. Rc8 1-0

[Event "2022 Perth Chess Club Championship"]
[Site "Woodvale, Perth WA AUS"]
[Date "2022.05.18"]
[Round "6"]
[White "Michael, Ashley"]
[Black "Maris, Rob"]
[Result "0-1"]
[WhiteElo "1334"]
[BlackElo "2093"]
[PlyCount "42"]
[EventDate "2022.04.13"]
[EventType "swiss"]
[EventRounds "7"]
[EventCountry "AUS"]

1. e4 c5 2. d4 cxd4 3. c3 Nf6 4. e5 Nd5 5. cxd4 e6 6. Nf3 b6 7. Nc3 Bb7 8. a3
Be7 9. Bd3 O-O 10. Qc2 f5 11. Bd2 d6 12. O-O-O Nd7 13. h4 Rc8 14. Ng5 Nc7 15.
Nxe6 Nxe6 16. Bxf5 Nxd4 17. Bxh7+ Kh8 18. Qg6 Qe8 19. h5 Nxe5 20. Qb1 Qa4 21.
Bc2 Ne2+ 0-1

[Event "2022 Perth Chess Club Championship"]
[Site "Woodvale, Perth WA AUS"]
[Date "2022.05.18"]
[Round "6"]
[White "Boswarva, Ernest"]
[Black "Frankland, David"]
[Result "1-0"]
[WhiteElo "1423"]
[BlackElo "1003"]
[PlyCount "105"]
[EventDate "2022.04.13"]
[EventType "swiss"]
[EventRounds "7"]
[EventCountry "AUS"]

1. d4 d5 2. e3 Nf6 3. Bd3 a6 4. Nd2 Nc6 5. f4 g6 6. Ngf3 Bh6 7. O-O Bg4 8. Qe1
Bxf3 9. Rxf3 Nb4 10. b3 Nxd3 11. cxd3 Qd7 12. h3 Bg7 13. Ba3 e6 14. Rc1 O-O-O
15. Nb1 Bf8 16. Bc5 Bd6 17. Rf2 Bxc5 18. Rxc5 b6 19. Rc3 Kb7 20. Rfc2 Rc8 21.
Rc6 Ne8 22. b4 b5 23. a4 Nd6 24. axb5 Nxb5 25. Qc1 Rhe8 26. Na3 Na7 27. R6c5
Re7 28. Ra5 Nc6 29. Rac5 Na7 30. b5 Nxb5 31. Nxb5 axb5 32. Rc6 f5 33. R2c5 Qxc6
34. Rxc6 Ra8 35. Qc5 Rd7 36. Qxb5+ Kc8 37. Rxe6 Rd8 38. Re8 Rxe8 39. Qxe8+ Kb7
40. Qb5+ Kc8 41. Qxd5 Ra1+ 42. Kf2 Ra3 43. Qg8+ Kb7 44. Qxh7 Rxd3 45. Qxg6 Rd2+
46. Kf3 c6 47. Qxf5 Rb2 48. h4 Rb5 49. Qf7+ Kb6 50. h5 Ra5 51. h6 Ra7 52. Qg8
Re7 53. h7 1-0

[Event "2022 Perth Chess Club Championship"]
[Site "Woodvale, Perth WA AUS"]
[Date "2022.05.18"]
[Round "6"]
[White "Hounsome, David"]
[Black "List, Ross"]
[Result "0-1"]
[WhiteElo "1378"]
[BlackElo "1826"]
[PlyCount "100"]
[EventDate "2022.04.13"]
[EventType "swiss"]
[EventRounds "7"]
[EventCountry "AUS"]

1. b3 e5 2. Bb2 g6 3. Bxe5 Nf6 4. Nf3 Bg7 5. e3 O-O 6. Bb2 d6 7. d4 Re8 8. Be2
Nc6 9. O-O Bf5 10. a3 a5 11. c4 Qe7 12. Bd3 Bd7 13. Re1 Nh5 14. Nc3 Qd8 15. Qd2
Bh6 16. d5 Nb8 17. Qc2 Na6 18. Ne4 b6 19. h3 Bg7 20. g4 Nf6 21. g5 Nxe4 22.
Bxg7 Kxg7 23. Bxe4 Bxh3 24. Qc3+ Kg8 25. Bd3 Qd7 26. Qd4 Bf5 27. Bxf5 Qxf5 28.
Kg2 Re4 29. Qd1 Rae8 30. Rh1 f6 31. Qe2 fxg5 32. Rae1 Qg4+ 33. Kf1 Rf8 34. Nd4
a4 35. Qxg4 Rxg4 36. b4 Rh4 37. Kg1 Rxh1+ 38. Kxh1 g4 39. Kg2 Kg7 40. f3 gxf3+
41. Nxf3 Kh6 42. Rf1 Re8 43. Kf2 Nb8 44. Rg1 Nd7 45. Ng5 Ne5 46. Ke2 Nxc4 47.
Ne6 Nxa3 48. Rc1 Nb5 49. Nxc7 Nxc7 50. Rxc7 Ra8 0-1

[Event "2022 Perth Chess Club Championship"]
[Site "Woodvale, Perth WA AUS"]
[Date "2022.05.18"]
[Round "6"]
[White "Powell, Darren"]
[Black "Shaw, Robin"]
[Result "0-1"]
[WhiteElo "1210"]
[BlackElo "1744"]
[PlyCount "82"]
[EventDate "2022.04.13"]
[EventType "swiss"]
[EventRounds "7"]
[EventCountry "AUS"]

1. e4 d6 2. d3 Nc6 3. Nc3 b6 4. Nf3 Bb7 5. g3 Qd7 6. Bg2 O-O-O 7. O-O Kb8 8.
Re1 e5 9. d4 exd4 10. Nxd4 Be7 11. Be3 Bf6 12. Re2 Nge7 13. Rd2 Ne5 14. b3 Ng4
15. Qe2 Nxe3 16. Qxe3 Rhe8 17. Qd3 a6 18. a4 Nc6 19. Nce2 Nxd4 20. Nxd4 c5 21.
Nf5 Bxa1 22. Nxd6 Qxd6 23. Qxd6+ Rxd6 24. Rxd6 Kc7 25. Rd2 Rd8 26. Re2 Rd1+ 27.
Bf1 Bc3 28. f3 Rd2 29. Rxd2 Bxd2 30. Bd3 g6 31. g4 Kd6 32. Kg2 Ke5 33. Bc4 f5
34. gxf5 gxf5 35. exf5 Kxf5 36. Bd3+ Kf4 37. Be2 h5 38. Bd1 h4 39. h3 Ke3 40.
c4 Bc3 41. Kg1 Kd2 0-1

[Event "2022 Perth Chess Club Championship"]
[Site "Woodvale, Perth WA AUS"]
[Date "2022.05.18"]
[Round "6"]
[White "Tomic, Nedeljko"]
[Black "De Vas, Senudi"]
[Result "1-0"]
[WhiteElo "1732"]
[BlackElo "993"]
[PlyCount "73"]
[EventDate "2022.04.13"]
[EventType "swiss"]
[EventRounds "7"]
[EventCountry "AUS"]

1. Nf3 d5 2. c4 e6 3. Nc3 Nf6 4. e3 Bd6 5. d4 O-O 6. c5 Be7 7. b4 b6 8. a4 Na6
9. b5 Nb8 10. c6 Bb4 11. Qb3 Qe7 12. Bd2 a6 13. Rb1 Bxc3 14. Bxc3 axb5 15. axb5
Qa3 16. Qc2 Ne4 17. Bb4 Qa2 18. Bd3 Qxc2 19. Bxc2 Rd8 20. O-O h6 21. Ra1 Rxa1
22. Rxa1 e5 23. Nxe5 f6 24. Ng6 Kf7 25. Nf4 Bf5 26. Ra7 Rc8 27. Nxd5 Kg6 28. g4
h5 29. gxf5+ Kxf5 30. Ne7+ Ke6 31. Bxe4 Kf7 32. Bd5+ Ke8 33. Nxc8 Kd8 34. Be6
Ke8 35. Rxc7 Kd8 36. Rxg7 Ke8 37. Rg8# 1-0